000
00291nam a2200121 a 4500
005
20141022142006.0
008
080922s19uu xx 00 eng d
050
_a
CD-ROM
_b
SCR4 2000
245
_a
Scripture solitaire.
650
_a
CD-ROM.
650
_a
Scripture solitaire.
942
_c
AVM
999
_c
276484
_d
276484